000 01362cam a2200397Ia 4500
001 sjds1092055
003 sjds
005 20190115173824.0
008 980504s1998 nyua j 000 1 spa d
020 _a0590274996 (pbk.)
_c$3.50
020 _a9780590274999 (pbk.)
035 _a227608
035 _a(OCoLC)39057185
035 _a227608
040 _dUtOrBLW
_csjds
041 1 _aspa
_heng
100 1 _aMaccarone, Grace,
_eauthor.
240 1 0 _aSoccer game!
_lSpanish
245 1 3 _aUn partido de futbol /
_cpor Grace Maccarone ; ilustrado por Meredith Johnson.
260 _aNew York :
_bScholastic,
_c1998.
264 1 _aNew York :
_bScholastic,
_c1998.
300 _a32 unnumbered pages :
_bcolor illustrations ;
_c23 cm.
336 _atext
_btxt
_2rdacontent
337 _aunmediated
_bn
_2rdamedia
338 _avolume
_bnc
_2rdacarrier
490 1 _aHola, lector! Nivel 1
500 _a"Cartwheel Books."
500 _a"Mariposa, Scholastic en espanol"--P. [4] of cover.
520 _aBrief rhyming text follows a group of children through some exciting plays during a soccer game.
526 0 _aAccelerated Reader
_bLG
_c1.0
_d0.5
_z43459SP
650 0 _aSoccer stories.
650 0 _aStories in rhyme
_vJuvenile literature.
700 1 _aJohnson, Meredith,
_eillustrator.
830 0 _aHello reader!
_nLevel 1.
_lSpanish.
942 _cBK
999 _c21791
_d21791